000 01060nam a22001577a 4500
005 20260701154905.0
020 _a9781544533100
082 _a320.954CHR
100 _aParasher, Tejas.
245 _aC.O.U.R.A.G.E
_b7 Choices for Living a Life Without Regret
260 _aNashville
_bLioncrest Publishing
_c2025
300 _a262P.
_b22 cm
520 _aIn C.O.U.R.A.G.E., Christopher O. H. Williams reveals how to harness innate courage in everyday life to make a lasting impact and live authentically, without regret. A transformation consultant and senior leader at some of the world’s most influential companies, Christopher distills his experience, observations, and research into seven essential choices that build a courageous life, offering practical wisdom anyone can apply. Courage is your antidote to stagnation. Utilize it to unlock your dormant superpower, break out of your routine, and transform your daily existence in this must-read guide for making a powerful—and authentic—impact on the world.
650 _aLeadership.
942 _cBK
999 _c11543
_d11543